000 00665nam a22002177a 4500
005 20170908115448.0
010 _aENG-120363
020 _a8186921524
_c795.00
020 _a9788186921524
035 _aEN-103895
037 _bDBAD/PUB
082 _a170.954
245 _aEthics and culture :
_cedited by Indrani Sanyal [and] Sashinungla
_bsome Indian reflections /
260 _aNew Delhi
_bDecent Books
_c2010
270 _aD-36/A-1,Mohan Garden,Najafgarh Road
_bNew Delhi
_e110059
300 _aviii,364p.
_c23cm(Hb)
500 _aIncludes index
700 _aSanyal,Indrani
700 _aSashinungla
942 _2ddc
_cEN
_h170.954
_mETH
999 _c144202
_d144202